[Event "Marienbad GM-II 2022"]
[Site "Marianske Lazne"]
[Date "2022.01.16"]
[Round "2.10"]
[White "Wachinger, Nikolas"]
[Black "Finek, Vaclav"]
[Result "1/2-1/2"]
[WhiteElo "2360"]
[BlackElo "2423"]
[Annotator "TA"]
[PlyCount "118"]
[EventDate "2022.01.15"]
[EventType "tourn"]
[EventCountry "CZE"]
[SourceTitle "playchess.com"]
[Source "ChessBase"]
[SourceQuality "1"]

{[%evp 9,118,27,35,0,21,0,0,0,0,0,0,0,0,0,0,0,0,14,16,0,8,-25,90,85,96,102,93,102,137,97,234,14,14,14,14,14,27,4,47,39,40,19,23,23,24,11,47,50,36,43,79,74,76,72,74,71,77,71,74,74,79,79,89,77,93,72,79,62,69,37,47,31,39,31,38,34,35,33,33,36,37,39,43,8,8,8,8,8,52,48,48,8,45,52,50,52,43,22,52,-8,-8,-8,-8,-8,0,0,1,8,8,-56,-8]} 1. e4 c5 2. Nf3 e6 3. d4 cxd4 4. Nxd4 Nc6 5. Nc3 Qc7 6. g4 {B47: Sicilian: Taimanov: 5 Nc3 Qc7 6 f4, 6 g3 and 6 Be2.} a6 7. Be3 (7. f4 {with more complications.} d5 8. Be3 Nf6 9. e5 Nd7 10. Qd2) 7... b5 8. Nxc6 {The position is equal.} Qxc6 9. Qd2 b4 10. Ne2 Qxe4 11. Rg1 {Hoping for Bg2.} Qc4 12. Ng3 Qc7 13. O-O-O Nf6 {[#]} 14. Bf4 $146 ({Predecessor:} 14. Nh5 Bb7 15. Nxf6+ gxf6 16. Bb6 Qc6 17. Bg2 d5 18. Bd4 Rc8 19. Kb1 Rg8 20. h3 {1-0 (43) Svidler,P (2694)-Pichot,A (2630) Chess.com INT 2021}) 14... d6 15. Qxb4 {[%cal Rf4d6]} Rb8 {[#]} (15... e5 $1 $11 16. Be3 d5) 16. Bxd6 $1 $16 {White is much more active.} Rxb4 (16... Qxd6 17. Qxd6) 17. Bxc7 Nd5 18. Be5 Bc5 {Inhibits Bd4.} 19. c4 Ne3 20. Bc3 $2 (20. fxe3 $6 Bxe3+ 21. Kc2 Bxg1) (20. Bxg7 Nxd1 21. a3 (21. Bxh8 Nxf2 22. Bc3 Rb8 $11) 21... Rb3 22. Bxh8 Nxf2 $11) (20. a3 $18 Ra4 21. fxe3 (21. Bxg7 Nxd1 22. Bxh8 Nxf2 $14) 21... Bxe3+ 22. Kc2 Bxg1 23. Bxg7 (23. Kb3 f6 $16)) 20... Nxd1 $11 21. Bxb4 Bxb4 22. Kxd1 Ke7 23. Bd3 Bd7 (23... a5 $11) 24. Ne4 $36 {[%mdl 2048] Black is under pressure.} Bc6 25. Ke2 (25. a3 $5 {[%cal Ra3b4]} Ba5 26. b4 $14) 25... Bxe4 26. Bxe4 $11 {[%mdl 4096] Endgame KRB-KRB} a5 27. Bc6 Rd8 28. a3 Bd6 29. h3 Bc5 30. Rb1 Rb8 {[%cal Oc5a3] [#]} 31. Bb5 $1 Ra8 32. f3 a4 33. Rd1 Ra7 34. Kd3 h6 35. Kc3 g6 36. Rd3 f5 37. gxf5 gxf5 38. Rd2 h5 39. Rg2 {And now Rg7+ would win.} Kf6 {Prevents Rg7.} 40. h4 Ke5 41. Re2+ Kf6 42. Be8 Ra8 43. Bd7 ({Don't play} 43. Bxh5 Rh8 44. Bg6 (44. b4 $2 axb3 45. Bg6 Kxg6 $19) 44... Kxg6 45. Rxe6+ Kf7 $11) 43... Ra6 44. Rg2 Ke5 45. Rg5 Ra7 46. f4+ (46. Bc6 $5 {[%cal Rg5h5]}) 46... Kd6 47. Be8 Be3 48. Rg2 Bxf4 (48... Ra8 $1 $11 49. Bf7 (49. Bxh5 Rb8 $11) 49... Bxf4) 49. Kb4 $14 Be3 50. Bxa4 Bc5+ 51. Kb3 $1 f4 52. Rd2+ Ke5 53. Bc6 Rg7 54. Rg2 (54. Rd3 $14) 54... Rxg2 $11 55. Bxg2 {Black must now prevent Kc3.} Kd4 {aiming for ...e5.} 56. Kc2 $1 Kxc4 57. Bf3 Be7 58. Bxh5 Bxh4 59. Kd2 (59. Bf7 $1 $11) 59... Kb3 {Weighted Error Value: White=0.18 (very precise) /Black=0.13 (very precise)} (59... e5 $15) 1/2-1/2

[Event "Marienbad GM-II 2022"]
[Site "Marianske Lazne"]
[Date "2022.01.17"]
[Round "3.6"]
[White "Finek, Vaclav"]
[Black "Lalith Babu M R"]
[Result "0-1"]
[WhiteElo "2423"]
[BlackElo "2553"]
[Annotator "TA"]
[PlyCount "82"]
[EventDate "2022.01.15"]
[EventType "tourn"]
[EventCountry "CZE"]
[SourceTitle "playchess.com"]
[Source "ChessBase"]
[SourceQuality "1"]

{[%evp 22,82,-33,-34,-17,-31,0,-36,-26,-32,-25,-45,-33,-43,-33,-46,-53,-63,-45,-59,-42,-95,-72,-61,-35,-43,-12,-19,-27,-54,-24,-43,-37,-58,-41,-57,-57,-90,-95,-86,-15,-135,-135,-127,-138,-200,-194,-214,-215,-212,-214,-264,-262,-264,-263,-407,-410,-590,-583,-961,-882,-743,-720]} 1. Nf3 Nf6 2. c4 g6 3. d4 Bg7 4. g3 O-O 5. Bg2 d5 6. cxd5 Nxd5 7. O-O Nc6 8. e4 Nb6 9. d5 Na5 10. Nc3 c6 11. dxc6 Nxc6 12. Qe2 Bg4 {D76: Fianchetto Grünfeld: Main Line with 7...Nb6.} 13. Be3 Qc8 $5 {[%mdl 4] [#] Leaves trodden paths.} 14. Bxb6 $146 ({Predecessor:} 14. Rfd1 Bxc3 15. bxc3 Ne5 16. Bxb6 axb6 17. Qe3 Bxf3 18. Bxf3 Ra3 19. Bg2 Qc7 20. Rab1 {½-½ (34) Razuvajeva,J (2189)-Kachar,V (2363) St Petersburg 2002}) 14... axb6 {Black is slightly better.} 15. Qe3 Qe6 16. Ng5 Qe5 17. h3 Bc8 18. f4 Qd4 19. Qxd4 Bxd4+ 20. Kh2 e5 21. Rfd1 ({Better is} 21. a4 $15) 21... exf4 22. gxf4 Ra5 (22... Bxc3 $5 23. bxc3 Ra4 $17) 23. Nf3 Bg7 {A strong pair of Bishops.} (23... Bxc3 $5 24. bxc3 Ra3 $15) 24. Rd2 Be6 25. Nd5 b5 26. Ng5 h6 27. Nf3 b4 28. a3 Ra4 29. Rb1 bxa3 30. bxa3 Rxe4 ({Black should play} 30... Rb8 $17) 31. Rxb7 (31. Ng5 $1 $11 Rd4 32. Rxd4 Nxd4 33. Nxe6 Nxe6 34. Rxb7) 31... Bxd5 $17 32. Rxd5 {[%cal Of3e5]} Rxf4 33. Rc7 {[#]} (33. Rc5 $17 {was called for.} Nd8 34. Rb4) 33... Nd8 $1 $19 34. Rc8 Ne6 35. Rxf8+ Bxf8 ({Weaker is} 35... Kxf8 36. Rb5) 36. Ra5 Bd6 37. Kg1 Rc4 38. Bf1 (38. Ne1 $142) 38... Bc5+ 39. Kh1 (39. Kh2 {was the only chance.} Rc2+ 40. Bg2) 39... Rc1 {Black is clearly winning.} 40. Kg2 Nf4+ 41. Kg3 Nh5+ {Weighted Error Value: White=0.46/Black=0.11 (very precise)} ({Worse is} 41... Rxf1 42. Kxf4 g5+ 43. Kg3 $17) 0-1

[Event "Marienbad GM-II 2022"]
[Site "Marianske Lazne"]
[Date "2022.01.17"]
[Round "3.7"]
[White "Ghazarian, Kirk"]
[Black "Wachinger, Nikolas"]
[Result "1/2-1/2"]
[WhiteElo "2346"]
[BlackElo "2360"]
[Annotator "TA"]
[PlyCount "64"]
[EventDate "2022.01.15"]
[EventType "tourn"]
[EventCountry "CZE"]
[SourceTitle "playchess.com"]
[Source "ChessBase"]
[SourceQuality "1"]

{[%evp 13,64,5,2,25,12,16,20,20,20,27,15,28,21,24,18,14,4,-4,0,0,0,0,0,0,0,0,0,0,0,0,0,0,0,0,0,0,8,8,9,0,0,0,0,0,0,0,0,0,45,0,0,0,0]} 1. d4 Nf6 2. c4 e6 3. Nf3 d5 4. g3 Be7 5. Bg2 O-O 6. O-O dxc4 7. Qc2 b5 8. a4 {E05: Open Catalan: 5 Nf3 Be7.} Bb7 9. axb5 a6 10. Nc3 {Prevents Be4.} axb5 11. Rxa8 Bxa8 12. Nxb5 Bd5 {[#]} 13. Rd1 $146 ({Predecessor:} 13. Bf4 c5 14. dxc5 Qa5 15. Nc3 Qxc5 16. Rc1 Nc6 17. Nxd5 exd5 18. b3 Nb4 19. Qd1 Na2 20. Rc2 Nb4 21. Rc1 Na2 22. Rc2 Nb4 23. Rc1 {½-½ (23) Ding,L (2799)-Nakamura,H (2736) Chess.com INT 2021}) 13... Nc6 14. Bf4 Nb4 15. Qb1 (15. Qc1 $5 {[%cal Rb5c7]}) 15... c5 16. Be5 Ng4 17. Nc3 Nxe5 18. dxe5 Qc7 19. Nb5 Qc6 20. Nc3 {[#] e4 is the strong threat. Pair of Knights!} Qc7 21. Nb5 Qb8 22. Na3 Rd8 23. e4 Bc6 24. Rxd8+ Qxd8 25. Nxc4 Nd3 26. Ne1 Nxe1 27. Qxe1 Qd4 28. b3 Qd3 29. Na5 Ba8 30. h4 Bd8 (30... h6 $11 {should be considered.}) 31. Qa1 (31. Nc4 $1 $14) 31... h5 $11 (31... Bxe4 $2 32. Qa4 Qd1+ 33. Kh2 $18) 32. Nc4 Bxe4 {A balanced but interesting game.  Weighted Error Value: White=0.03 (flawless) /Black=0.02 (flawless)} 1/2-1/2

[Event "Marienbad GM-II 2022"]
[Site "Marianske Lazne"]
[Date "2022.01.17"]
[Round "3.8"]
[White "Sorm, Daniel"]
[Black "Kusa, Jakub"]
[Result "1/2-1/2"]
[WhiteElo "2348"]
[BlackElo "2312"]
[Annotator "TA"]
[PlyCount "96"]
[EventDate "2022.01.15"]
[EventType "tourn"]
[EventCountry "CZE"]
[SourceTitle "playchess.com"]
[Source "ChessBase"]
[SourceQuality "1"]

{[%evp 14,96,29,11,19,10,20,0,15,6,56,29,37,46,38,34,52,34,41,37,25,41,60,50,48,-22,30,32,43,33,52,33,49,37,27,26,104,98,124,120,153,145,125,115,166,102,143,117,117,118,125,129,120,72,75,54,52,54,52,59,80,0,0,-36,-5,-22,0,0,0,0,0,0,0,0,0,0,0,0,0,0,0,0,0,0,0]} 1. d4 {Krasenkow,Michal} Nf6 2. c4 e6 3. Nc3 d5 4. cxd5 exd5 5. Bg5 Nbd7 6. e3 c6 7. Bd3 Be7 8. Nge2 O-O {8...Nf8 injects fresh life into this line. D35: Queen's Gambit Declined: Exchange Variation.} 9. f3 Re8 10. Bh4 Nf8 11. O-O {[#]} Ne4 $146 ({Predecessor:} 11... Ng6 12. Bf2 c5 13. Bc2 a6 14. dxc5 Bxc5 15. Qd2 b5 16. Rad1 Bb7 17. Nf4 Qb6 18. Bxg6 hxg6 {1-0 (56) Artemiev,V (2709)-Hracek,Z (2565) Tornelo INT 2021 CBM 202 Extra [Krasenkow,Michal]}) 12. Be1 (12. fxe4 Bxh4 13. Qd2 Qe7 $11) 12... Nxc3 13. bxc3 c5 14. Bf2 Ne6 15. Qb1 g6 16. e4 {[%cal Be3e4,Be4e5][%mdl 32]} Bf6 17. e5 Bh4 18. g3 Be7 19. f4 (19. h4 $14) 19... Ng7 (19... c4 $142 20. Bc2 Ng7) 20. dxc5 $11 Qc7 21. Nd4 $36 {[%cal Be2d4,Bd4b5,Bb5d6][%mdl 2080] Threatens to win with Nb5. White fights for an advantage.} Bxc5 22. Nb5 Qe7 23. Bxc5 Qxc5+ 24. Rf2 Bf5 (24... Re6 $11) 25. Nd6 $16 Qxc3 26. Bxf5 {White is more active.} Nxf5 27. Nxe8 Rxe8 28. Qe1 Qa3 (28... Qc7 $16 {is a better defense.} 29. Rc1 Qd7) 29. Qc1 (29. Rb1 $18) 29... Qa6 (29... Qe7 $142) 30. Qc5 d4 31. g4 Ne3 32. Qxd4 Nxg4 {[%cal Be3g4,Bg4h6,Bh6f5][%mdl 32]} 33. Rg2 ({Better is} 33. Rb2) 33... Nh6 34. Rc1 Nf5 35. Qd7 {[%csl LRe8,LRf5]} Qb6+ 36. Kh1 Re6 {[#]} 37. h3 ({But not} 37. Rc7 Qb1+ 38. Rg1 Qe4+ 39. Rg2 Qb1+ 40. Rg1 Qe4+ 41. Rg2 Re7 42. Qd8+ Kg7 43. Rxe7 Nxe7 $11) ({White should try} 37. Qd3 $1 $16 {[%cal Rd3f5]} Rc6 38. Rd1 (38. Rb1 Qc7 $14)) 37... Qe3 $11 {[%csl LRc1,LRf4,LRh3]} 38. Rc7 Qxh3+ (38... Nd6 $5) 39. Kg1 {The position is equal.} Qe3+ (39... Nd6 $5) 40. Rf2 Qe1+ 41. Rf1 $1 (41. Kg2 Nh4+ 42. Kg3 Qe3+ 43. Kxh4 Qxf2+ 44. Kg4 h5+ 45. Kh3 Qf3+ 46. Kh2 Qxf4+ 47. Kh3 Qf3+ 48. Kh2 Rxe5 49. Qd2 Re2+) 41... Qg3+ 42. Kh1 Qh3+ 43. Kg1 Qg4+ 44. Kh2 Qh4+ 45. Kg1 Qg4+ 46. Kh2 Qe2+ 47. Kg1 {The board is on fire.} Qe3+ 48. Kh2 Qg3+ {White really could win this.  Weighted Error Value: White=0.15 (very precise) /Black=0.14 (very precise)} 1/2-1/2

[Event "Marienbad GM-II 2022"]
[Site "Marianske Lazne"]
[Date "2022.01.17"]
[Round "3.9"]
[White "Stefansson, Hannes"]
[Black "Braeuer, Franz"]
[Result "1-0"]
[WhiteElo "2518"]
[BlackElo "2435"]
[Annotator "TA"]
[PlyCount "49"]
[EventDate "2022.01.15"]
[EventType "tourn"]
[EventCountry "CZE"]
[SourceTitle "playchess.com"]
[Source "ChessBase"]
[SourceQuality "1"]

{[%evp 12,48,47,19,39,-12,0,0,0,0,0,0,0,0,0,0,0,-22,19,8,43,39,58,53,419,405,352,239,1782,1785,1770,1769,1727,1700,29997,29998,29998,29999,29999]} 1. e4 e5 2. Nf3 Nc6 3. Bb5 {[%cal Bf1b5,Bb5a4,Ba4b3][%mdl 32]} a6 4. Ba4 Nf6 5. O-O b5 6. Bb3 Bc5 7. Nc3 {7.a4 gains popularity.} d6 {C77: Ruy Lopez: 3...a6 4 Ba4 Nf6, unusual lines.} 8. h3 {To avoid Bg4} (8. Nd5 $14) 8... h6 9. d3 Na5 {The position is equal.} 10. Ne2 O-O 11. Ng3 Bb6 12. c3 Nxb3 13. axb3 Re8 {[#]} 14. Be3 $146 ({Predecessor:} 14. c4 Be6 15. Qc2 Qd7 16. Kh2 g5 17. Be3 Nh7 18. Bxb6 cxb6 19. Qd2 f6 20. d4 bxc4 {1-0 (37) Schula,M (2315)-Vedral,O (2187) Czech Republic 2017}) 14... Rb8 (14... Bxe3 {should be considered.} 15. fxe3 a5) 15. Qd2 {[%cal Oe3h6]} d5 {[#]} 16. Bxh6 $1 gxh6 17. Qxh6 {And now Ng5 would win.} Re6 $2 {[%mdl 8192] Loses the game.} (17... Bc5 $1 $14) 18. Qg5+ $18 ({Not} 18. Nf5 Ne8 19. Qh5 dxe4 20. dxe4 (20. Ng5 Qf6 $11) 20... Nd6 $11) 18... Kh8 19. exd5 $40 {[%mdl 128] White goes for the king.} ({Less strong is} 19. Nxe5 Qg8 $16) 19... Qxd5 (19... Re8 20. Nxe5 Rxe5 21. Qxe5 Qd6) 20. Nf5 {[%csl Gf5][%cal Rg5g7]} Ne8 {To avoid Qg7+} 21. Qh5+ Kg8 22. Ng5 {[%csl LRe6,LRf7] Pair of Knights!} Rg6 23. Qh7+ {White mates.} Kf8 24. Qh8+ {[%mdl 64] [#] Skewer} Rg8 25. Nh7# {Weighted Error Value: White=0.17 (very precise) /Black=0.87} 1-0

[Event "Marienbad GM-II 2022"]
[Site "Marianske Lazne"]
[Date "2022.01.18"]
[Round "4.6"]
[White "Lalith Babu M R"]
[Black "Malinovsky, Karel"]
[Result "1-0"]
[WhiteElo "2553"]
[BlackElo "2471"]
[Annotator "TA"]
[PlyCount "79"]
[EventDate "2022.01.15"]
[EventType "tourn"]
[EventCountry "CZE"]
[SourceTitle "playchess.com"]
[Source "ChessBase"]
[SourceQuality "1"]

{[%evp 23,79,29,28,28,27,0,0,0,0,-11,20,12,17,0,13,0,0,0,0,-8,52,4,96,68,115,80,176,172,269,260,255,260,281,281,319,214,203,213,213,205,220,217,244,244,244,244,1869,1882,1305,1454,29971,29972,29965,29953,6295,6191,1682,1167]} 1. d4 d5 2. Nf3 Nf6 3. c4 e6 4. Nc3 Be7 5. Bf4 O-O 6. e3 b6 7. Bd3 Bb7 8. O-O c5 9. cxd5 Nxd5 10. Nxd5 exd5 11. dxc5 $5 {[%mdl 4] Exploring less charted territory.} bxc5 12. Qc2 h6 13. Rfd1 {D37: Queen's Gambit Declined: 5 Bf4.} Nc6 {[#]} 14. Qa4 $146 {[%cal Of4h6]} ({Predecessor:} 14. a3 Qb6 15. Rac1 Rad8 16. Bh7+ Kh8 17. Bf5 Rfe8 18. Ne5 Nxe5 19. Bxe5 Bf8 20. Bf4 Kg8 {1-0 (36) Di Berardino,D (2489)-De Carvalho,J (2149) Rio de Janeiro 2019}) 14... Qb6 15. Rac1 {The position is equal.} Rfe8 (15... Qxb2 $2 16. Rb1 Qf6 17. Rxb7 $18) 16. Rd2 Bf8 17. Bg3 g6 18. h4 {[%cal Oh4h5]} h5 19. Ng5 {[%cal Og5f7]} Ne5 20. Be2 Rad8 21. Qc2 {[%cal Oe2h5]} Qf6 (21... d4 $11) 22. Bb5 (22. Rcd1 $14) 22... Nc6 (22... Bc6 $11 {keeps the balance.} 23. Bxe5 Rxe5 24. Bxc6 Qxc6) 23. Rcd1 {White is more active. White stays focused until the end.} a6 (23... d4 $14 {deserves consideration.}) 24. Be2 Ne7 (24... d4 $16) 25. Ne4 $36 {[%mdl 2048] White is on the roll.} ({Much less strong is} 25. Qxc5 $6 Nf5 26. Qc7 Nxg3 27. Qxb7 Nxe2+ 28. Rxe2 d4 $14) 25... Qc6 {[#]} (25... Qb6 $142) 26. Be5 $1 {Hoping for Nf6+.} (26. Nxc5 Rc8 $16) 26... Bg7 {To avoid Nf6+} 27. Bxg7 Kxg7 28. Nxc5 Rc8 29. Qc3+ Kg8 {And now ...d4 would win.} 30. Nxb7 Qxb7 31. Qa5 Rc6 32. Bf3 Rb6 33. Bxd5 Nxd5 34. Rxd5 ({Not} 34. Qxd5 Qxd5 35. Rxd5 Rxb2 $16) 34... Rxb2 $2 {[#]} (34... Rb5) 35. Rd8 $1 Rxd8 36. Rxd8+ ({Less strong is} 36. Qxd8+ Kg7 $16) 36... Kg7 37. Qe5+ f6 38. Qe8 Rb1+ 39. Kh2 {Intending Qf8+ and mate.} Qc7+ 40. g3 {Weighted Error Value: White=0.12 (very precise) /Black=0.59} 1-0

[Event "Marienbad GM-II 2022"]
[Site "Marianske Lazne"]
[Date "2022.01.18"]
[Round "4.7"]
[White "Braeuer, Franz"]
[Black "Rasik, Vitezslav"]
[Result "1/2-1/2"]
[WhiteElo "2435"]
[BlackElo "2424"]
[Annotator "TA"]
[PlyCount "25"]
[EventDate "2022.01.15"]
[EventType "tourn"]
[EventCountry "CZE"]
[SourceTitle "playchess.com"]
[Source "ChessBase"]
[SourceQuality "1"]

{[%evp 19,25,35,35,25,21,0,0,-45]} 1. e4 d6 2. d4 Nf6 3. Nc3 g6 4. Be3 c6 5. Qd2 b5 6. f3 Bg7 7. O-O-O Qa5 8. Kb1 Nbd7 9. Bh6 Bxh6 10. Qxh6 b4 11. Nce2 {B07: Pirc Defence: Miscellaneous Systems.} c5 12. dxc5 Qxc5 {[#]} 13. h4 $146 {An uneventful encounter.} (13. Nd4 $11 {should be considered.}) ({Predecessor:} 13. Nd4 a5 14. Bb5 Rg8 15. Bc6 Rb8 16. Qf4 h5 17. Nh3 g5 18. Qd2 Kf8 19. f4 Ne5 20. fxg5 Nxc6 21. gxf6 Nxd4 22. Qxd4 Qxd4 23. Rxd4 Rxg2 {½-½ (23) Kloster,S (2385)-Salvador Marques,C (2430) ICCF email 2019}) 1/2-1/2

[Event "Marienbad GM-II 2022"]
[Site "Marianske Lazne"]
[Date "2022.01.18"]
[Round "4.8"]
[White "Kusa, Jakub"]
[Black "Stefansson, Hannes"]
[Result "1/2-1/2"]
[WhiteElo "2312"]
[BlackElo "2518"]
[Annotator "TA"]
[PlyCount "50"]
[EventDate "2022.01.15"]
[EventType "tourn"]
[EventCountry "CZE"]
[SourceTitle "playchess.com"]
[Source "ChessBase"]
[SourceQuality "1"]

{[%evp 20,50,0,2,0,0,0,0,12,0,15,0,0,0,62,12,12,7,7,0,0,0,0,0,0,0,0,0,0,0,13,1,0]} 1. d4 Nf6 2. Nf3 b6 3. c4 Bb7 4. g3 e6 5. Bg2 Be7 6. O-O O-O 7. Nc3 Ne4 8. Bd2 f5 9. d5 Bf6 10. Rc1 Na6 {[%cal Bb8a6,Ba6c5,Bc5e4][%mdl 32]} 11. Be1 Nac5 {E18: Queen's Indian: Old Main Line (4 g3 Bb7 5 Bg2 Be7 6 0-0 0-0 7 Nc3).} 12. b4 Nxc3 ({But not} 12... Na6 13. Nxe4 fxe4 14. Nd2 $16) 13. Bxc3 Ne4 14. Bxf6 Qxf6 15. Qd4 a5 {[#]} 16. Qxf6 $146 ({Predecessor:} 16. b5 Rae8 17. Qxf6 Rxf6 18. Nd4 exd5 19. cxd5 Nc5 20. Rc4 f4 21. Nb3 d6 22. Nxc5 dxc5 23. Rxf4 Rxf4 24. gxf4 Rxe2 {½-½ (43) Dziedzic,A (2064)-Leite,D (2321) ICCF email 2013}) 16... gxf6 (16... Nxf6 $11 17. b5 exd5) 17. a3 ({White should play} 17. b5 $1 $14) 17... axb4 $11 {The position is equal.} 18. axb4 Ra4 $1 19. dxe6 dxe6 20. Nd4 Kf7 21. f3 Rd8 {[#] aiming for ...Nd2.} 22. e3 Nd6 23. c5 bxc5 24. Rxc5 Rd7 25. Rfc1 Rxb4 {An even fight not without its subleties.  Weighted Error Value: White=0.08 (flawless) /Black=0.09 (flawless)} 1/2-1/2

[Event "Marienbad GM-II 2022"]
[Site "Marianske Lazne"]
[Date "2022.01.18"]
[Round "4.9"]
[White "Wachinger, Nikolas"]
[Black "Sorm, Daniel"]
[Result "1-0"]
[WhiteElo "2360"]
[BlackElo "2348"]
[Annotator "TA"]
[PlyCount "83"]
[EventDate "2022.01.15"]
[EventType "tourn"]
[EventCountry "CZE"]
[SourceTitle "playchess.com"]
[Source "ChessBase"]
[SourceQuality "1"]

{[%evp 17,83,21,22,10,71,56,59,35,35,0,0,0,0,-12,0,1,97,101,95,118,119,93,88,93,89,89,113,129,172,164,186,152,168,159,162,123,159,158,185,139,159,130,145,154,165,98,418,231,232,233,229,229,357,216,499,276,569,568,554,563,505,554,547,553,1068,1019,947,794]} 1. e4 c5 2. Nf3 d6 3. d4 cxd4 4. Nxd4 Nf6 5. Nc3 Nc6 6. Bc4 Qb6 7. Nb3 e6 8. Bf4 Ne5 9. Be2 a6 10. g4 {[%cal Bg2g4,Bg4g5][%mdl 32] B57: Classical Sicilian: Sozin with 6...Qb6.} Be7 (10... h6 $11) 11. g5 $16 Nfd7 12. Be3 {White is slightly better.} Qc7 13. Qd4 O-O {[#]} 14. h4 $146 ({Predecessor:} 14. f4 Nc6 15. Qd2 b5 16. h4 b4 17. Na4 d5 18. exd5 exd5 19. O-O-O Bb7 20. Rhe1 {1-0 (30) Ehlvest,J (2517)-Gabrielian,A (2463) Chess.com INT 2020}) 14... b5 15. h5 b4 16. Qxb4 {And now f4 would win.} Nc6 (16... a5 $1 $11 {remains equal.} 17. Qa4 Ba6) 17. Qc4 $1 $36 {[%mdl 2048] White is on the roll.} Nb6 18. Qd3 Ne5 19. Qd4 Nec4 20. Bxc4 (20. h6 e5 21. Qd3 (21. Nd5 exd4 22. Nxc7 Nxe3 $11) 21... Nxe3 22. Qxe3 g6 $14) 20... Nxc4 {[#]} 21. O-O-O $1 (21. h6 $6 e5 22. Qd5 {[#]} Nxe3 $1 23. fxe3 Be6 $15) 21... Nxe3 22. Qxe3 Re8 (22... f5 $16) 23. f4 $18 Bf8 24. g6 fxg6 25. hxg6 h6 26. Qf3 Bb7 27. Nd4 Rac8 28. Rh2 (28. Kb1 $18) 28... e5 29. Nf5 {Threatens to win with Ne3. White is much more active.} exf4 30. Qxf4 {Nd5 is the strong threat.} Re6 31. Rg1 ({White should try} 31. Qg4 $18 {[%cal Of5h6] Hoping for Nxh6+!} Rce8 32. Rf1) 31... Rce8 $2 {[%mdl 8192] This costs Black the game.} (31... d5 $16 {is a better chance.} 32. Qxc7 (32. Nxd5 Qxf4+ 33. Nxf4 Rxe4 $11) 32... Rxc7) 32. Nd5 (32. Rf2 $142 {[%cal Of5h6] aiming for Nxh6+!} Kh8 33. Qg3) 32... Bxd5 33. exd5 Re1+ 34. Rxe1 {Dancing on a razor blade.} Rxe1+ 35. Kd2 Re5 (35... Rg1) 36. Ne3 (36. c4 $142 {Strongly threatening Rf2.} Re8 37. Kd3) 36... Rg5 $2 (36... Qe7 {keeps fighting.} 37. Rf2 Qf6) 37. Rf2 {[%csl Gf2][%cal Rf4f8] White is clearly winning.} Qe7 38. Qf7+ Qxf7 39. gxf7+ ({Stronger than} 39. Rxf7 Rxg6 40. Rf1 (40. Ra7 h5 $11) 40... Be7 $14) 39... Kh7 40. c4 Rg6 41. b4 Rg1 42. Rf1 {Weighted Error Value: White=0.36/Black=0.50} 1-0

[Event "Marienbad GM-II 2022"]
[Site "Marianske Lazne"]
[Date "2022.01.18"]
[Round "4.10"]
[White "Finek, Vaclav"]
[Black "Ghazarian, Kirk"]
[Result "1/2-1/2"]
[WhiteElo "2423"]
[BlackElo "2346"]
[Annotator "TA"]
[PlyCount "34"]
[EventDate "2022.01.15"]
[EventType "tourn"]
[EventCountry "CZE"]
[SourceTitle "playchess.com"]
[Source "ChessBase"]
[SourceQuality "1"]

{[%evp 17,34,35,16,2,11,-8,-19,-10,0,-11,0,-9,0,-2,0,-14,0,0,0]} 1. d4 Nf6 2. Nf3 d5 3. c4 e6 4. g3 Bb4+ 5. Bd2 Be7 6. Qc2 c6 7. Bg2 Nbd7 8. O-O a5 9. Bf4 O-O 10. Nbd2 {The position is equal. E08: Closed Catalan: Main Line: 7 Qc2.} Nh5 11. Rfd1 Nxf4 12. gxf4 b6 13. e3 {[#]} Bb7 $146 ({Predecessor:} 13... Ba6 14. Rac1 Rc8 15. Qb3 Bd6 16. Ne5 Nxe5 17. fxe5 Bb4 18. cxd5 cxd5 19. Rxc8 Qxc8 {0-1 (56) Chylewski,P (2330)-Vidit,S (2726) Chess.com INT 2020}) 14. cxd5 cxd5 15. Rac1 Rc8 16. Qd3 Rxc1 17. Rxc1 Qb8 {An even fight not without its subleties.  Weighted Error Value: White=0.11 (very precise) /Black=0.05 (flawless)} 1/2-1/2

[Event "Marienbad GM-II 2022"]
[Site "Marianske Lazne"]
[Date "2022.01.18"]
[Round "5.6"]
[White "Ghazarian, Kirk"]
[Black "Lalith Babu M R"]
[Result "1/2-1/2"]
[WhiteElo "2346"]
[BlackElo "2553"]
[Annotator "TA"]
[PlyCount "45"]
[EventDate "2022.01.15"]
[EventType "tourn"]
[EventCountry "CZE"]
[SourceTitle "playchess.com"]
[Source "ChessBase"]
[SourceQuality "1"]

{[%evp 13,45,12,0,0,0,0,35,31,25,26,32,34,36,35,33,35,35,36,35,29,29,34,19,29,21,35,35,33,52,54,67,61,52,75]} 1. d4 Nf6 2. c4 e6 3. g3 d5 4. Nf3 {[%cal Bg1f3,Bf3d2,Bd2c4][%mdl 32]} Be7 5. Bg2 O-O 6. O-O dxc4 7. Qc2 b5 8. a4 {E05: Open Catalan: 5 Nf3 Be7.} b4 9. Nfd2 Nd5 $1 {[%mdl 4] is currently scoring better than 9...c6.} 10. Nxc4 c5 11. dxc5 Ba6 12. Ne3 Nd7 $1 13. Nxd5 exd5 14. c6 Rc8 15. Bf4 {Inhibits Ne5. Hoping for c7.} Nc5 16. Rd1 d4 17. Bf3 Ne6 $1 {[%cal Od4d3]} 18. Be5 {[#]} Bf6 $146 ({Predecessor:} 18... d3 19. exd3 Bf6 20. d4 Bxe5 21. dxe5 Nd4 22. Qe4 Nxf3+ 23. Qxf3 Qe7 24. Qe4 Rfd8 {½-½ (35) Boos,M (2429)-Maetzig,R (2340) GER email 2020}) 19. Qf5 {[#] To avoid d3. Strongly threatening Bxf6.} Bxe5 {White is slightly better.} 20. Qxe5 Re8 {Threatens to win with ...Ng5.} 21. h4 {To avoid Ng5} h6 22. Nd2 {Black must now prevent Qh5. White is much more active.} Ng5 23. Qc5 $1 {Weighted Error Value: White=0.00 (flawless) /Black=0.03 (flawless)} 1/2-1/2